01494cam a22004098i 4500999001100000001000900011003000400020005001700024008004100041010001700082020002500099020001000124040002300134042000800157050002400165082002500189100002700214245011500241263000900356264003500365300001700400336002600417337002800443338002700471504004100498505009500539650003300634650003600667650003700703650003700740650004500777700003000822700003000852906004500882942001300927952014400940 c52d5220850696OSt20251027105606.0190213s2019 nyu b 000 0 eng  a 2018061620 a9780367111632 (pbk.) qebook aDLCbengerdacDLC apcc00aQ183.3.A1bD38 201900a507.1bD261 20192231 aDavis, Brent,eauthor.10aSTEM education by design :bintegrating the disciplines /cBy Brent Davis, Krista Francis, and Sharon Friesen. a1905 1aNew York :bRoutledge,c[2019] a136p pages : atextbtxt2rdacontent aunmediatedbn2rdamedia avolumebnc2rdacarrier aIncludes bibliographical references.0 aSTEM -- Learning -- Mathematics -- Technology -- Engineering -- Science -- STEM education. 0aSciencexStudy and teaching. 0aTechnologyxStudy and teaching. 0aEngineeringxStudy and teaching. 0aMathematicsxStudy and teaching. 0aInterdisciplinary approach in education.1 aFrancis, Krista,eauthor.1 aFriesen, Sharon,eauthor. a7bcbccorignewd1eecipf20gy-gencatlg 2ddccCIR 00102ddc40708NFICaCLbCLcRESd2023-06-29ePurchased (Fastbooks)g4593.00h9747l0o507.1 D261 2019p9747r2023-06-29w2023-06-29yCIR